000 00381pab a2200157 454500
008 180718b2011 xxu||||| |||| 00| 0 eng d
100 _aJayadev, Arjun
245 _aReading the signs at the occupy movement
260 _c2011
300 _ap.28-31.
362 _a3 Dec
650 _aOccupy movement
773 _aEconomic and Political Weekly
908 _aN
909 _a94518
999 _c94518
_d94518